000 00715nam a2200217 a 4500
999 _c9413
_d9413
001 9413
003 BD-JhCC
005 20180314092511.0
008 180314s1998 bg a|||| ||a| 000 0 ben d
035 _a(BD-JhCC)9413
040 _aBD-JhCC
_dBD-JhCC
041 _aben
082 _a351
_bSAY 1998
100 _aসায়েম, আবুসাদাত মোহাম্মদ
245 _aবঙ্গভবনে শেষ দিনগুলি /
_cআবুসাদাত মোহাম্মদ সায়েম,
260 _aঢাকা :
_bমাওলা ব্রাদার্স,
_c1998
300 _a86 p. :
_c24 cm.
650 _aPolitical Science
942 _2ddc
_cBK